000 00746nam a2200253 a 4500
008
020 _a9780273728955 (pbk.)
049 _aMAIN
090 _aTH438.151
_bASH
100 1 _aAshworth, Allan
245 1 0 _aCost studies of buildings :
_cAllan Ashworth.
250 _a5th ed.
260 _aHarlow,:
_b Pearson Education Limited,
_c2010
300 _axvii, 562 p.:
_bill. ;
_c24cm.
504 _aIncludes bibliographical references.
500 _aIncudes Index.
650 _aConstruction Industry
_xFinance
650 _aBuilding
_x cost effective
907 _a.b10299889
_b15-05-12
_c11-07-11
003
005 20230123125320.0
040 _cNUST
942 _cBOOKS
_kTH438.151
_mASH
999 _c139424
_d139424